<?xml version="1.0" encoding="UTF-8"?>
<record
    xmlns:xsi="http://www.w3.org/2001/XMLSchema-instance"
    xsi:schemaLocation="http://www.loc.gov/MARC21/slim http://www.loc.gov/standards/marcxml/schema/MARC21slim.xsd"
    xmlns="http://www.loc.gov/MARC21/slim">

  <leader>00678nam a22001577a 4500</leader>
  <controlfield tag="003">OSt</controlfield>
  <controlfield tag="005">20151202145229.0</controlfield>
  <controlfield tag="008">151202b        xxu||||| |||| 00| 0 eng d</controlfield>
  <datafield tag="040" ind1=" " ind2=" ">
    <subfield code="c">RUA</subfield>
  </datafield>
  <datafield tag="082" ind1=" " ind2=" ">
    <subfield code="a">FIS CHA 2002 B174 Or.1</subfield>
  </datafield>
  <datafield tag="100" ind1=" " ind2=" ">
    <subfield code="9">4150</subfield>
    <subfield code="a">CHAN, SOVATEPEAP.</subfield>
  </datafield>
  <datafield tag="245" ind1=" " ind2=" ">
    <subfield code="a">Compassion of hatching and survival fry (barbodes gonionotus) in circular and oval tanks, &#x1780;&#x17B6;&#x179A;&#x1794;&#x17D2;&#x179A;&#x17C0;&#x1794;&#x1792;&#x17C0;&#x1794;&#x1785;&#x17C6;&#x1793;&#x17BD;&#x1793;&#x1780;&#x17BC;&#x1793;&#x1789;&#x17B6;&#x179F;&#x17CB; &#x1793;&#x17B7;&#x1784;&#x179A;&#x179F;&#x17CB;&#x179A;&#x1794;&#x179F;&#x17CB;&#x178F;&#x17D2;&#x179A;&#x17B8;&#x1786;&#x17D2;&#x1796;&#x17B9;&#x1793;&#x1780;&#x17D2;&#x1793;&#x17BB;&#x1784;&#x1794;&#x17D2;&#x179A;&#x1796;&#x17D0;&#x1793;&#x17D2;&#x1792;&#x17A2;&#x17B6;&#x1784;&#x1798;&#x17BC;&#x179B; &#x1793;&#x17B7;&#x1784;&#x17A2;&#x17B6;&#x1784;&#x1796;&#x1784;&#x1780;&#x17D2;&#x179A;&#x1796;&#x17BE;</subfield>
  </datafield>
  <datafield tag="260" ind1=" " ind2=" ">
    <subfield code="a">Phnom Penh</subfield>
    <subfield code="b">RUA</subfield>
    <subfield code="c">2002</subfield>
  </datafield>
  <datafield tag="300" ind1=" " ind2=" ">
    <subfield code="a">35p.</subfield>
    <subfield code="b">ill.</subfield>
    <subfield code="c">29cm.</subfield>
  </datafield>
  <datafield tag="942" ind1=" " ind2=" ">
    <subfield code="2">ddc</subfield>
    <subfield code="c">FIS</subfield>
  </datafield>
  <datafield tag="999" ind1=" " ind2=" ">
    <subfield code="c">3862</subfield>
    <subfield code="d">3862</subfield>
  </datafield>
  <datafield tag="952" ind1=" " ind2=" ">
    <subfield code="0">0</subfield>
    <subfield code="1">0</subfield>
    <subfield code="2">ddc</subfield>
    <subfield code="4">0</subfield>
    <subfield code="6">FIS_CHA_2002_000000000000000_B174_OR_1</subfield>
    <subfield code="7">0</subfield>
    <subfield code="9">19466</subfield>
    <subfield code="a">LBB</subfield>
    <subfield code="b">LBB</subfield>
    <subfield code="c">B174</subfield>
    <subfield code="d">2015-12-02</subfield>
    <subfield code="o">FIS CHA 2002 B174 Or.1</subfield>
    <subfield code="p">RUA010600</subfield>
    <subfield code="r">2015-12-02</subfield>
    <subfield code="w">2015-12-02</subfield>
    <subfield code="y">FIS</subfield>
  </datafield>
  <datafield tag="952" ind1=" " ind2=" ">
    <subfield code="0">0</subfield>
    <subfield code="1">0</subfield>
    <subfield code="2">ddc</subfield>
    <subfield code="4">0</subfield>
    <subfield code="6">FIS_CHA_2002_000000000000000_B174_OR_2</subfield>
    <subfield code="7">0</subfield>
    <subfield code="9">19467</subfield>
    <subfield code="a">LBB</subfield>
    <subfield code="b">LBB</subfield>
    <subfield code="c">B174</subfield>
    <subfield code="d">2015-12-02</subfield>
    <subfield code="o">FIS CHA 2002 B174 Or.2</subfield>
    <subfield code="p">RUA010968</subfield>
    <subfield code="r">2015-12-02</subfield>
    <subfield code="w">2015-12-02</subfield>
    <subfield code="y">FIS</subfield>
  </datafield>
  <datafield tag="952" ind1=" " ind2=" ">
    <subfield code="0">0</subfield>
    <subfield code="1">0</subfield>
    <subfield code="2">ddc</subfield>
    <subfield code="4">0</subfield>
    <subfield code="6">FIS_CHA_2002_000000000000000_B174_OR_3</subfield>
    <subfield code="7">0</subfield>
    <subfield code="9">19468</subfield>
    <subfield code="a">LBB</subfield>
    <subfield code="b">LBB</subfield>
    <subfield code="c">B174</subfield>
    <subfield code="d">2015-12-02</subfield>
    <subfield code="o">FIS CHA 2002 B174 Or.3</subfield>
    <subfield code="p">RUA010598</subfield>
    <subfield code="r">2015-12-02</subfield>
    <subfield code="w">2015-12-02</subfield>
    <subfield code="y">FIS</subfield>
  </datafield>
  <datafield tag="952" ind1=" " ind2=" ">
    <subfield code="0">0</subfield>
    <subfield code="1">0</subfield>
    <subfield code="2">ddc</subfield>
    <subfield code="4">0</subfield>
    <subfield code="6">FIS_CHA_2002_000000000000000_B174_OR_4</subfield>
    <subfield code="7">0</subfield>
    <subfield code="9">19469</subfield>
    <subfield code="a">LBB</subfield>
    <subfield code="b">LBB</subfield>
    <subfield code="c">B174</subfield>
    <subfield code="d">2015-12-02</subfield>
    <subfield code="o">FIS CHA 2002 B174 Or.4</subfield>
    <subfield code="p">RUA028652</subfield>
    <subfield code="r">2015-12-02</subfield>
    <subfield code="w">2015-12-02</subfield>
    <subfield code="y">FIS</subfield>
  </datafield>
  <datafield tag="952" ind1=" " ind2=" ">
    <subfield code="0">0</subfield>
    <subfield code="1">0</subfield>
    <subfield code="2">ddc</subfield>
    <subfield code="4">0</subfield>
    <subfield code="6">FIS_CHA_2002_000000000000000_B174_OR_5</subfield>
    <subfield code="7">0</subfield>
    <subfield code="9">19470</subfield>
    <subfield code="a">LBB</subfield>
    <subfield code="b">LBB</subfield>
    <subfield code="c">B174</subfield>
    <subfield code="d">2015-12-02</subfield>
    <subfield code="o">FIS CHA 2002 B174 Or.5</subfield>
    <subfield code="p">RUA010888</subfield>
    <subfield code="r">2015-12-02</subfield>
    <subfield code="w">2015-12-02</subfield>
    <subfield code="y">FIS</subfield>
  </datafield>
</record>
